[Event "BL 0910 Werder Bremen - Hamburger SK"]
[Site "?"]
[Date "2009.11.13"]
[Round "7.4"]
[White "Roiz, Michael"]
[Black "Rasmussen, Allan Stig"]
[Result "1-0"]
[WhiteElo "2658"]
[BlackElo "2535"]
[PlyCount "79"]
[EventDate "2009.??.??"]

1. c4 e5 2. Nc3 Nf6 3. Nf3 Nc6 4. a3 d5 5. cxd5 Nxd5 6. Qc2 Be7 7. e3 O-O 8.
Nxd5 Qxd5 9. Bd3 g6 10. b4 a6 11. Bb2 Bd7 12. h4 Rad8 13. h5 Qe6 14. hxg6 hxg6
15. O-O-O b5 16. Be4 f5 17. Bxc6 Qxc6 18. Qxc6 Bxc6 19. Nxe5 Be8 20. Rh6 Bg5
21. Rh3 Bf6 22. Nf3 Be7 23. Bd4 a5 24. Rh8+ Kf7 25. Rh7+ Ke6 26. Rxe7+ Kxe7 27.
Bc5+ Rd6 28. bxa5 Ke6 29. Rh1 Rc6 30. Nd4+ Kd5 31. Nxc6 Kxc5 32. Nb4 Kd6 33. d4
Bf7 34. Kb2 c5 35. dxc5+ Kxc5 36. Rh7 g5 37. Rh6 Be8 38. Kc3 Bd7 39. a6 g4 40.
a7 1-0

[Event "BL 0910 Werder Bremen - Hamburger SK"]
[Site "?"]
[Date "2009.11.13"]
[Round "7.5"]
[White "Ftacnik, Lubomir Dr"]
[Black "Nyback, Tomi"]
[Result "1/2-1/2"]
[WhiteElo "2532"]
[BlackElo "2615"]
[PlyCount "54"]
[EventDate "2009.??.??"]

1. Nf3 d5 2. d4 Nf6 3. c4 c6 4. e3 a6 5. Nc3 e6 6. b3 c5 7. cxd5 exd5 8. Be2
Nc6 9. O-O cxd4 10. Nxd4 Bd6 11. Bb2 O-O 12. Bf3 Re8 13. Nxc6 bxc6 14. Rc1 Bf5
15. Na4 Rc8 16. g3 Ne4 17. Bxe4 Rxe4 18. Nc5 Re7 19. Bd4 a5 20. Re1 f6 21. f3
h5 22. Qd2 Ra8 23. Na4 Bb4 24. Bc3 Ba3 25. Bb2 Bb4 26. Bc3 Ba3 27. Bb2 Bb4
1/2-1/2

[Event "BL 0910 Werder Bremen - Hamburger SK"]
[Site "?"]
[Date "2009.11.13"]
[Round "7.6"]
[White "Hracek, Zbynek"]
[Black "Heinemann, Thies"]
[Result "1-0"]
[WhiteElo "2606"]
[BlackElo "2484"]
[PlyCount "91"]
[EventDate "2009.??.??"]

1. e4 c5 2. Nf3 d6 3. d4 cxd4 4. Nxd4 Nf6 5. Nc3 a6 6. Be3 e5 7. Nb3 Be6 8. f4
exf4 9. Bxf4 Nc6 10. Qd2 d5 11. O-O-O Nxe4 12. Nxe4 dxe4 13. Qe3 Qe7 14. Bd6
Qf6 15. Bxf8 Kxf8 16. Nc5 Qe7 17. Be2 Rc8 18. a3 h5 19. Rhf1 Rh6 20. Nxe6+ Qxe6
21. Qc5+ Ne7 22. Bc4 Kg8 23. Bxe6 Rxc5 24. Bxf7+ Kh7 25. Rd7 Nf5 26. Rd5 Rxc2+
27. Kxc2 Ne3+ 28. Kc3 Nxf1 29. Rxh5 Rxh5 30. Bxh5 Nxh2 31. Kd4 Kh6 32. Bf7 Ng4
33. Kxe4 Kg5 34. Be6 a5 35. Bc8 b6 36. Kd5 Ne3+ 37. Kc6 a4 38. Kb5 Nd1 39. Kxa4
Nxb2+ 40. Kb5 Kf4 41. Be6 Kg3 42. Bd5 Nd1 43. Kxb6 Ne3 44. Kc5 Nxd5 45. Kxd5
Kxg2 46. a4 1-0

[Event "BL 0910 Werder Bremen - Hamburger SK"]
[Site "?"]
[Date "2009.11.13"]
[Round "7.7"]
[White "Huschenbeth, Niclas"]
[Black "Babula, Vlastimil"]
[Result "1-0"]
[WhiteElo "2411"]
[BlackElo "2569"]
[PlyCount "87"]
[EventDate "2009.??.??"]

1. e4 c5 2. Nf3 d6 3. d4 cxd4 4. Nxd4 Nf6 5. Nc3 a6 6. Bg5 e6 7. f4 Be7 8. Qf3
Qc7 9. O-O-O Nbd7 10. g4 h6 11. Bxf6 Bxf6 12. h4 Qb6 13. Qe3 Nc5 14. Bg2 Bd7
15. Kb1 Rc8 16. g5 Be7 17. f5 Na4 18. Nxa4 Bxa4 19. fxe6 fxe6 20. Bh3 Bd7 21.
Qf3 hxg5 22. hxg5 Qc5 23. Bxe6 Rxh1 24. Bxd7+ Kxd7 25. Qg4+ Kc7 26. Ne6+ Kb8
27. Nxc5 Rxd1+ 28. Qxd1 Rxc5 29. g6 Kc7 30. c3 Bf6 31. Qg4 Be5 32. Kc2 a5 33.
a4 Bf6 34. Kd3 Be5 35. Qe6 Bf6 36. Ke3 Be5 37. Kf2 Bf6 38. b4 Rxc3 39. Qxf6
gxf6 40. g7 Rc4 41. g8=Q Rxb4 42. Qf7+ Kb6 43. Qe6 Ka7 44. Kf3 1-0

[Event "BL 0910 Werder Bremen - Hamburger SK"]
[Site "?"]
[Date "2009.11.13"]
[Round "7.8"]
[White "Llaneza Vega, Marcos"]
[Black "Sebastian, Dirk"]
[Result "0-1"]
[WhiteElo "2504"]
[BlackElo "2443"]
[PlyCount "110"]
[EventDate "2009.??.??"]

1. e4 e5 2. Nf3 Nc6 3. Nc3 Nf6 4. Bb5 Bb4 5. O-O O-O 6. d3 d6 7. Ne2 Ne7 8. c3
Ba5 9. Ng3 c6 10. Ba4 Ng6 11. Re1 Re8 12. Bc2 d5 13. a4 Bc7 14. Bb3 Be6 15.
exd5 cxd5 16. a5 h6 17. Bd2 Bd7 18. c4 e4 19. dxe4 dxe4 20. Nd4 Bg4 21. Nde2
Ne5 22. Qc2 Nd3 23. Bc3 Nxe1 24. Rxe1 Be5 25. Nc1 Qc7 26. Nf1 Bxc3 27. Qxc3 Qe5
28. Na2 Rad8 29. Bc2 Qxc3 30. Nxc3 Bf5 31. Ne3 Bg6 32. b4 Rd2 33. h3 Kf8 34.
Rc1 a6 35. Kf1 Rc8 36. Ne2 Rdd8 37. Nf4 Bh7 38. Ba4 g5 39. Ne2 Rd2 40. Rb1 Nh5
41. Ke1 Rdd8 42. Bb3 Nf4 43. Nxf4 gxf4 44. Nd5 f3 45. gxf3 exf3 46. Rd1 Be4 47.
Ne3 Rxd1+ 48. Kxd1 Rd8+ 49. Ke1 f5 50. b5 Rd3 51. bxa6 Rxb3 52. a7 Rxe3+ 53.
fxe3 b6 54. axb6 Ke8 55. c5 Kd8 0-1

[Event "BL 0910 H.Handschuhsheim - OSG Baden Ba"]
[Site "?"]
[Date "2009.12.11"]
[Round "7.7"]
[White "Dautov, Rustem"]
[Black "Nippgen, Georg"]
[Result "1-0"]
[WhiteElo "2596"]
[BlackElo "2249"]
[PlyCount "65"]
[EventDate "2009.??.??"]

1. d4 Nf6 2. c4 e6 3. Nf3 Bb4+ 4. Bd2 a5 5. g3 Nc6 6. Bg2 d5 7. a3 Bxd2+ 8.
Nbxd2 O-O 9. O-O Ne4 10. Rc1 f5 11. e3 a4 12. Qc2 Bd7 13. cxd5 exd5 14. b4 Rc8
15. Rfd1 Na7 16. Ne5 Nb5 17. Qxa4 Nec3 18. Qb3 Ne2+ 19. Kf1 Nxc1 20. Qxd5+ Kh8
21. Qxd7 Qxd7 22. Nxd7 Nd3 23. Nxf8 Nc3 24. Ra1 Rxf8 25. Bxb7 g5 26. Ba6 Nb2
27. Rc1 Nba4 28. Bd3 f4 29. gxf4 gxf4 30. e4 Rd8 31. Nf3 Kg7 32. Ke1 Re8 33.
Ne5 1-0

[Event "BL 0910 SC Remagen - Solinger SG"]
[Site "?"]
[Date "2010.02.05"]
[Round "7.3"]
[White "Werle, Jan"]
[Black "Huebner, Robert Dr"]
[Result "1-0"]
[WhiteElo "2563"]
[BlackElo "2605"]
[PlyCount "113"]
[EventDate "2010.??.??"]

1. d4 Nf6 2. c4 e6 3. Nf3 b6 4. g3 Bb7 5. Bg2 Be7 6. O-O O-O 7. Nc3 Ne4 8. Bd2
Bf6 9. Rc1 d5 10. cxd5 exd5 11. Bf4 Na6 12. Nd2 Re8 13. Ndxe4 dxe4 14. Nb5 Re7
15. a3 Rd7 16. Qc2 Bxd4 17. Nxd4 Rxd4 18. Be3 Rd7 19. Bh3 Rd6 20. Rfd1 Nc5 21.
Bxc5 bxc5 22. e3 Qe7 23. Re1 Rd5 24. Bg2 Re8 25. Qa4 a6 26. Red1 Rd6 27. Re1
Rb6 28. Rxc5 Rxb2 29. Rxc7 Qf8 30. Rd1 h6 31. Bf1 Bc8 32. Bc4 Re7 33. Qc6 Bh3
34. Bxa6 Rxc7 35. Qxc7 Qxa3 36. Bc4 Qf8 37. Bf1 Bxf1 38. Rd8 Bb5 39. Rxf8+ Kxf8
40. Qc5+ Kg8 41. Qc8+ Kh7 42. Qf5+ Kg8 43. Qxe4 Bd7 44. g4 g6 45. h3 Be6 46.
Kg2 Rb5 47. Kg3 h5 48. Qa4 Rd5 49. f3 hxg4 50. hxg4 Rc5 51. Qd4 Rc1 52. e4 Rb1
53. f4 Rf1 54. f5 gxf5 55. gxf5 Bxf5 56. exf5 Rxf5 57. Qg4+ 1-0

[Event "BL 0910 SC Remagen - Solinger SG"]
[Site "?"]
[Date "2010.02.05"]
[Round "7.4"]
[White "Degraeve, Jean-Marc"]
[Black "Edouard, Romain"]
[Result "0-1"]
[WhiteElo "2573"]
[BlackElo "2620"]
[PlyCount "74"]
[EventDate "2010.??.??"]

1. e4 c5 2. c3 d5 3. exd5 Qxd5 4. d4 Nf6 5. Nf3 e6 6. Na3 cxd4 7. Nb5 Na6 8.
Qxd4 Qxd4 9. Nbxd4 Nc7 10. Nb5 Nxb5 11. Bxb5+ Bd7 12. Bxd7+ Nxd7 13. Be3 Bc5
14. Bxc5 Nxc5 15. O-O-O Ke7 16. Ne5 Rhd8 17. Kc2 f6 18. Nd3 Nxd3 19. Rxd3 Rxd3
20. Kxd3 Rd8+ 21. Ke2 e5 22. f3 Ke6 23. Rd1 Rxd1 24. Kxd1 e4 25. Ke2 Ke5 26.
Ke3 exf3 27. gxf3 g5 28. b3 b5 29. h3 h6 30. Kd3 f5 31. Ke3 Kd5 32. f4 g4 33.
hxg4 fxg4 34. Kd3 h5 35. c4+ bxc4+ 36. bxc4+ Kd6 37. Ke3 h4 0-1

[Event "BL 0910 SC Remagen - Solinger SG"]
[Site "?"]
[Date "2010.02.05"]
[Round "7.5"]
[White "Jussupow, Artur"]
[Black "Dgebuadze, Alexandre"]
[Result "1/2-1/2"]
[WhiteElo "2566"]
[BlackElo "2521"]
[PlyCount "112"]
[EventDate "2010.??.??"]

1. d4 e6 2. c4 Nf6 3. Nc3 Bb4 4. e3 O-O 5. Nge2 d5 6. a3 Bd6 7. c5 Be7 8. b4 b6
9. Nf4 a5 10. Bd2 axb4 11. axb4 Rxa1 12. Qxa1 bxc5 13. bxc5 Nc6 14. Bb5 Bd7 15.
O-O Qa8 16. f3 Rb8 17. Qxa8 Rxa8 18. Nd3 Nd8 19. Rb1 Bxb5 20. Rxb5 Nd7 21. Rb2
c6 22. Ra2 Rxa2 23. Nxa2 e5 24. Nac1 Ne6 25. Nb3 Bf6 26. Bc3 e4 27. Nb4 Ndxc5
28. Nxc5 Nxc5 29. Nxc6 Nd3 30. Bb4 g5 31. Kf1 h5 32. h3 Kg7 33. Ba3 h4 34. Na7
Bd8 35. Nb5 f5 36. Nc3 f4 37. Nxd5 exf3 38. gxf3 fxe3 39. Bd6 Kf7 40. Nxe3 Bb6
41. Nc2 Ke6 42. Bh2 Kd5 43. Ke2 Nc1+ 44. Ke3 Nb3 45. Be5 Kc4 46. Na3+ Kb4 47.
Nb1 Kc4 48. Ke4 Bxd4 49. Bd6 Bc5 50. Bxc5 Nxc5+ 51. Kf5 Kd3 52. Kxg5 Ke3 53.
Nd2 Kxd2 54. Kxh4 Ke3 55. Kg4 Ne6 56. h4 Nf4 1/2-1/2

[Event "BL 0910 SC Remagen - Solinger SG"]
[Site "?"]
[Date "2010.02.05"]
[Round "7.6"]
[White "Teske, Henrik"]
[Black "L'Ami, Erwin"]
[Result "1/2-1/2"]
[WhiteElo "2545"]
[BlackElo "2606"]
[PlyCount "64"]
[EventDate "2010.??.??"]

1. d4 Nf6 2. c4 e6 3. g3 d5 4. Nf3 dxc4 5. Bg2 c5 6. O-O Nc6 7. Ne5 Bd7 8. Na3
cxd4 9. Naxc4 Be7 10. Qb3 Qc7 11. Bf4 Nh5 12. Nxc6 Nxf4 13. Nxe7 Nxg2 14. Rfd1
Qc5 15. Qxb7 Kxe7 16. Rac1 Rac8 17. Qxg2 Bc6 18. Qh3 Rhd8 19. Qh4+ g5 20. Qxh7
Qd5 21. f3 Bb5 22. b3 Bxc4 23. bxc4 Rxc4 24. Qd3 Rxc1 25. Rxc1 Qxa2 26. Rc7+
Rd7 27. Rxd7+ Kxd7 28. Qxd4+ Ke8 29. Qe5 a5 30. Qb5+ Kf8 31. Qc5+ Ke8 32. Qb5+
Kf8 1/2-1/2

[Event "BL 0910 SC Remagen - Solinger SG"]
[Site "?"]
[Date "2010.02.05"]
[Round "7.7"]
[White "Ragger, Markus"]
[Black "Popovic, Petar"]
[Result "1-0"]
[WhiteElo "2561"]
[BlackElo "2496"]
[PlyCount "59"]
[EventDate "2010.??.??"]

1. Nf3 Nf6 2. c4 g6 3. Nc3 d5 4. cxd5 Nxd5 5. Qa4+ Bd7 6. Qh4 Nxc3 7. bxc3 Bg7
8. Rb1 Qc8 9. e4 c5 10. Bc4 Nc6 11. O-O h6 12. Ba3 O-O 13. Rfc1 Bg4 14. d4 Bxf3
15. gxf3 cxd4 16. cxd4 Qd7 17. Kg2 Qxd4 18. Bd5 Qd3 19. Rb3 Qd2 20. Qg3 Nd4 21.
Re3 Ne2 22. Rxe2 Qxe2 23. Bxe7 Kh8 24. Bxf8 Rxf8 25. Rc7 Bd4 26. Bxf7 Qb2 27.
Bxg6 Bg7 28. Bf5 Qf6 29. Rxb7 a5 30. f4 1-0

[Event "BL 0910 SC Remagen - Solinger SG"]
[Site "?"]
[Date "2010.02.05"]
[Round "7.8"]
[White "Schulz, Klaus-Juergen"]
[Black "Ernst, Sipke"]
[Result "1/2-1/2"]
[WhiteElo "2385"]
[BlackElo "2589"]
[PlyCount "118"]
[EventDate "2010.??.??"]

1. d4 d5 2. c4 c6 3. Nf3 Nf6 4. Nc3 e6 5. Bg5 dxc4 6. e4 b5 7. e5 h6 8. Bh4 g5
9. Nxg5 hxg5 10. Bxg5 Nbd7 11. exf6 Bb7 12. g3 c5 13. d5 Nxf6 14. Bg2 Be7 15.
O-O Nxd5 16. Bxe7 Kxe7 17. Nxb5 Qb6 18. Na3 Rh4 19. Qf3 Rg8 20. b3 Qc7 21. Rfd1
Ba8 22. Nxc4 Nf4 23. Qxa8 Rxa8 24. Bxa8 Rh8 25. Bf3 Nh3+ 26. Kg2 Ng5 27. h4
Nxf3 28. Kxf3 Qc6+ 29. Ke2 f5 30. f3 f4 31. Ne5 Qb5+ 32. Kf2 fxg3+ 33. Kxg3
Rg8+ 34. Ng4 Qb8+ 35. Kg2 Qe5 36. Rac1 Qe2+ 37. Kg3 Rf8 38. Rf1 Rf5 39. Rf2 Qd3
40. Rc4 a6 41. Re4 Qd6+ 42. Kg2 Rh5 43. Kh3 Qd3 44. Kg3 Rf5 45. Kg2 Qc3 46. Kg3
Qa1 47. Kg2 Qc3 48. Kg3 a5 49. Re3 Qc1 50. Kg2 c4 51. bxc4 Qxc4 52. Ne5 Qc8 53.
Rfe2 Qg8+ 54. Ng4 Rh5 55. Kh3 Rc5 56. Re5 Rc3 57. R5e3 Rc5 58. Re5 Rc3 59. R5e3
Rc5 1/2-1/2

[Event "BL 0910 SV Mülheim Nord - SF Katernberg"]
[Site "?"]
[Date "2010.02.05"]
[Round "7.2"]
[White "Landa, Konstantin"]
[Black "Firman, Nazar"]
[Result "1-0"]
[WhiteElo "2655"]
[BlackElo "2571"]
[PlyCount "85"]
[EventDate "2010.??.??"]

1. Nf3 f5 2. g3 g6 3. Bg2 Bg7 4. d4 d6 5. O-O e5 6. dxe5 dxe5 7. Qxd8+ Kxd8 8.
e4 Ne7 9. Nc3 Bd7 10. Bg5 Nbc6 11. Rad1 Kc8 12. Rfe1 Re8 13. h4 h6 14. Bc1 a5
15. a3 a4 16. Bf1 Ra5 17. Bb5 Rf8 18. Bxa4 f4 19. Rd3 Bg4 20. Nh2 Be6 21. Bb3
Bxb3 22. cxb3 Nd4 23. b4 Ra6 24. Ne2 Nec6 25. Nxd4 Nxd4 26. gxf4 exf4 27. e5
Ne6 28. Bd2 Rc6 29. Bc3 b5 30. Nf3 g5 31. hxg5 hxg5 32. Nh2 Rd8 33. Red1 Rxd3
34. Rxd3 Ra6 35. Rd5 Rb6 36. Kg2 Kb7 37. Kf3 Kc6 38. Rd1 Rb8 39. Ke4 Rf8 40.
Ng4 f3 41. Nf6 Nf4 42. Kf5 Rh8 43. e6 1-0

[Event "BL 0910 SV Mülheim Nord - SF Katernberg"]
[Site "?"]
[Date "2010.02.05"]
[Round "7.3"]
[White "Seel, Christian"]
[Black "Fridman, Daniel"]
[Result "0-1"]
[WhiteElo "2493"]
[BlackElo "2661"]
[PlyCount "106"]
[EventDate "2010.??.??"]

1. Nf3 d5 2. d4 Nf6 3. c4 c6 4. e3 Bf5 5. Nc3 e6 6. Nh4 Be4 7. f3 Bg6 8. Qb3
Qc7 9. Bd2 Be7 10. Nxg6 hxg6 11. O-O-O dxc4 12. Bxc4 b5 13. Bd3 a6 14. Kb1 c5
15. dxc5 Nbd7 16. Ne4 Nxe4 17. Bxe4 Nxc5 18. Qc2 Rc8 19. Bc3 O-O 20. Bd4 Qb8
21. f4 b4 22. Bxc5 Bxc5 23. Qb3 Rfd8 24. Bxg6 fxg6 25. Qxe6+ Kf8 26. Qxg6 Qb6
27. Qf5+ Kg8 28. Rxd8+ Rxd8 29. Rc1 Bf8 30. Qe4 Qd6 31. Re1 Kh8 32. Qc2 a5 33.
Re2 Qd7 34. e4 Qd4 35. Re1 Qd2 36. Rf1 Qe3 37. Ka1 Qd3 38. Qxd3 Rxd3 39. g4 Rd2
40. Kb1 Rxh2 41. Rc1 Rf2 42. f5 Re2 43. Rc8 Kg8 44. Re8 Kf7 45. Re5 a4 46. g5
b3 47. axb3 axb3 48. Kc1 Bb4 49. Rd5 Rxe4 50. Rd7+ Re7 51. Rxe7+ Bxe7 52. f6
Bxf6 53. gxf6 Kxf6 0-1

[Event "BL 0910 SV Mülheim Nord - SF Katernberg"]
[Site "?"]
[Date "2010.02.05"]
[Round "7.5"]
[White "Glek, Igor V"]
[Black "Levin, Felix"]
[Result "1-0"]
[WhiteElo "2537"]
[BlackElo "2481"]
[PlyCount "63"]
[EventDate "2010.??.??"]

1. e4 c5 2. Nf3 e6 3. d3 b6 4. g3 Bb7 5. Bg2 d6 6. Ng5 h6 7. Nh3 g6 8. O-O Bg7
9. f4 Ne7 10. g4 f5 11. gxf5 exf5 12. c3 O-O 13. Be3 Nbc6 14. Bf2 Qd7 15. Bh4
Kh8 16. Nd2 d5 17. e5 Nd8 18. Qe1 Kg8 19. Qg3 Kf7 20. c4 d4 21. Bxe7 Kxe7 22.
Qxg6 Ne6 23. Bxb7 Qxb7 24. Kf2 Qc6 25. Rg1 Rae8 26. Qh5 Kd8 27. b3 Re7 28. Rg6
Qe8 29. Rag1 Qf7 30. Qf3 Kc7 31. Qd5 Rfe8 32. Qxe6 1-0

[Event "BL 0910 SV Mülheim Nord - SF Katernberg"]
[Site "?"]
[Date "2010.02.05"]
[Round "7.6"]
[White "Hausrath, Daniel"]
[Black "Ris, Robert"]
[Result "1-0"]
[WhiteElo "2528"]
[BlackElo "2420"]
[PlyCount "73"]
[EventDate "2010.??.??"]

1. Nf3 Nf6 2. g3 d5 3. Bg2 c6 4. c4 Bg4 5. Ne5 Be6 6. cxd5 Bxd5 7. Nf3 c5 8.
Nc3 Bc6 9. O-O e6 10. d3 Be7 11. e4 O-O 12. Qe2 b6 13. Rd1 Nbd7 14. d4 Bb7 15.
d5 exd5 16. exd5 Re8 17. Qc2 a6 18. a4 Bd6 19. Nh4 g6 20. Bg5 Qc7 21. Qd2 Re5
22. Nf3 Re7 23. Qc1 c4 24. Nd4 Re5 25. Nc6 Ree8 26. Rd4 b5 27. axb5 Qb6 28.
bxa6 Bxc6 29. dxc6 Qxd4 30. cxd7 Nxd7 31. Nb5 Qc5 32. Nxd6 Qxd6 33. Bxa8 Rxa8
34. Qxc4 Qe5 35. Qc6 Ra7 36. Be3 Qxb2 37. Rd1 1-0

[Event "BL 0910 SV Mülheim Nord - SF Katernberg"]
[Site "?"]
[Date "2010.02.05"]
[Round "7.7"]
[White "Thesing, Matthias"]
[Black "Saltaev, Mihail"]
[Result "1/2-1/2"]
[WhiteElo "2419"]
[BlackElo "2492"]
[PlyCount "124"]
[EventDate "2010.??.??"]

1. e4 c6 2. c4 d5 3. cxd5 cxd5 4. exd5 Nf6 5. Nc3 Nxd5 6. Nf3 Nxc3 7. bxc3 g6
8. d4 Bg7 9. Bd3 Qc7 10. O-O O-O 11. Bg5 b6 12. Re1 e6 13. h4 Bb7 14. Rc1 Nd7
15. h5 Rfe8 16. hxg6 hxg6 17. Bh4 Rac8 18. Bg3 Qd8 19. Qe2 Qe7 20. Bb5 Red8 21.
Qe3 Bf6 22. Bf4 a6 23. Bf1 Nf8 24. Ne5 Nh7 25. c4 Ba8 26. a4 Bg5 27. Rb1 Bxf4
28. Qxf4 g5 29. Qe3 Qd6 30. Bd3 f5 31. d5 Rc5 32. a5 b5 33. dxe6 Rxe5 34. Qxe5
Qxd3 35. e7 Re8 36. cxb5 Be4 37. Qe6+ Kg7 38. bxa6 Nf6 39. a7 Qc3 40. Rbd1 Qxa5
41. Ra1 Qc3 42. Rec1 Qb2 43. Qa2 Qe5 44. Qa5 Bd5 45. Qc3 Qe4 46. f3 Qh4 47. Rd1
g4 48. Rxd5 g3 49. Qd4 Qh2+ 50. Kf1 Qh1+ 51. Qg1 Qh6 52. Re1 Nxd5 53. a8=Q Rxa8
54. e8=Q Rxe8 55. Rxe8 Qc1+ 56. Re1 Qc4+ 57. Re2 Kg6 58. Qa7 f4 59. Qa3 Ne3+
60. Ke1 Nc2+ 61. Rxc2 Qxc2 62. Qd6+ Kg7 1/2-1/2

[Event "BL 0910 SV Mülheim Nord - SF Katernberg"]
[Site "?"]
[Date "2010.02.05"]
[Round "7.8"]
[White "Schebler, Gerhard"]
[Black "Scholz, Christian"]
[Result "1/2-1/2"]
[WhiteElo "2486"]
[BlackElo "2373"]
[PlyCount "87"]
[EventDate "2010.??.??"]

1. Nf3 c5 2. e4 d6 3. Bb5+ Nd7 4. c3 Ngf6 5. Qe2 e5 6. d4 Qc7 7. dxe5 dxe5 8.
Bg5 Be7 9. Bxf6 Bxf6 10. c4 O-O 11. Bxd7 Bxd7 12. Nc3 g6 13. Nd5 Qd8 14. O-O
Bg7 15. Rad1 Re8 16. Rd2 Qc8 17. Rfd1 Bc6 18. Qe3 b6 19. Qg5 Kf8 20. h3 h6 21.
Qg3 Qb7 22. h4 h5 23. Ng5 Kg8 24. Qf3 Rad8 25. Ne7+ Qxe7 26. Rxd8 f6 27. Rxe8+
Qxe8 28. Nh3 Qa8 29. Re1 Qd8 30. Qe2 Qd4 31. Kf1 Qd7 32. f3 b5 33. Rd1 Qb7 34.
Kg1 Kh7 35. b3 Bh6 36. Rd6 Kg7 37. Kh2 Be8 38. Nf2 Qe7 39. Rd5 bxc4 40. bxc4
Bf7 41. Rd1 Qe6 42. Rd5 Qe7 43. Rd1 Qe6 44. Rd5 1/2-1/2

[Event "BL 0910 Schachfr. Berlin - SK König Teg"]
[Site "?"]
[Date "2010.02.05"]
[Round "7.1"]
[White "Rabiega, Robert"]
[Black "Markos, Jan"]
[Result "1/2-1/2"]
[WhiteElo "2531"]
[BlackElo "2565"]
[PlyCount "83"]
[EventDate "2010.??.??"]

1. e4 c5 2. c3 Nf6 3. e5 Nd5 4. d4 cxd4 5. Nf3 Nc6 6. Bc4 Nb6 7. Bb3 d5 8. exd6
e6 9. cxd4 Bxd6 10. O-O O-O 11. Nc3 Nd5 12. Qe2 h6 13. Rd1 Nce7 14. Ne5 f6 15.
Nc4 Bb8 16. Ne3 Qd6 17. g3 Nxc3 18. bxc3 Nd5 19. Qf3 Nxe3 20. Bxe3 a5 21. c4 a4
22. c5 Qa6 23. Bc2 f5 24. Bd3 Qc6 25. Be2 f4 26. gxf4 Bxf4 27. Bxf4 Qxf3 28.
Bxf3 Rxf4 29. Kg2 a3 30. Rab1 Ra4 31. Bxb7 Bxb7+ 32. Rxb7 Raxd4 33. Rxd4 Rxd4
34. c6 Rc4 35. c7 Kh7 36. Kf3 Kg6 37. Ke3 Kf6 38. Kd3 Rc1 39. Kd4 g5 40. h3 h5
41. Ra7 h4 42. f3 1/2-1/2

[Event "BL 0910 Schachfr. Berlin - SK König Teg"]
[Site "?"]
[Date "2010.02.05"]
[Round "7.2"]
[White "Lauber, Arnd"]
[Black "Stern, Rene"]
[Result "0-1"]
[WhiteElo "2517"]
[BlackElo "2501"]
[PlyCount "148"]
[EventDate "2010.??.??"]

1. d4 Nf6 2. c4 e6 3. Nc3 d5 4. Nf3 Nbd7 5. Qc2 c5 6. cxd5 Nxd5 7. Nxd5 exd5 8.
e3 Be7 9. Be2 O-O 10. O-O b6 11. b3 Bb7 12. Bd3 h6 13. Bb2 Rc8 14. Qe2 Rc7 15.
Rac1 Qa8 16. Bb1 Rd8 17. dxc5 bxc5 18. b4 Rdc8 19. Ne5 Nf6 20. bxc5 Rxc5 21.
Rxc5 Rxc5 22. Bd4 Rc7 23. Ng4 Ne4 24. f3 Ng5 25. h4 Ne6 26. Qd3 Nf8 27. Qf5 Qc8
28. Qe5 f6 29. Qg3 Kf7 30. Bf5 Qd8 31. Rb1 Bd6 32. Qe1 h5 33. Nf2 Bg3 34. Bxa7
Bc8 35. Bxc8 Qxc8 36. Bb6 Rc2 37. e4 Nd7 38. Be3 dxe4 39. fxe4 Ne5 40. Qd1
Bxf2+ 41. Bxf2 Ng4 42. Bb6 Kg6 43. Qd3 Ne5 44. Qg3+ Kh7 45. Rf1 Rxa2 46. Bd4
Ng4 47. e5 fxe5 48. Qd3+ Kh8 49. Bb6 Qa8 50. Qf3 Ra1 51. Qf7 Rxf1+ 52. Qxf1 Qc6
53. Ba7 Kg8 54. Qd1 Qc7 55. Bf2 Qf7 56. Bg3 Qa7+ 57. Kh1 Qe3 58. Qd8+ Kh7 59.
Bh2 Qe1+ 60. Bg1 Nf6 61. Qd3+ e4 62. Qd4 Qxh4+ 63. Bh2 Qe1+ 64. Bg1 Ng4 65. Qd8
Nf6 66. Qe7 Kg6 67. Qe6 Qh4+ 68. Bh2 Qg4 69. Qe5 Qf5 70. Qe7 h4 71. Bg1 h3 72.
gxh3 Qxh3+ 73. Bh2 Qf1+ 74. Bg1 Qf3+ 0-1

[Event "BL 0910 Schachfr. Berlin - SK König Teg"]
[Site "?"]
[Date "2010.02.05"]
[Round "7.4"]
[White "Kraemer, Martin"]
[Black "Von Herman, Ulf"]
[Result "1-0"]
[WhiteElo "2482"]
[BlackElo "2424"]
[PlyCount "85"]
[EventDate "2010.??.??"]

1. d4 Nf6 2. c4 e6 3. g3 d5 4. Nf3 dxc4 5. Bg2 c5 6. O-O Nc6 7. Qa4 Bd7 8. Qxc4
cxd4 9. Nxd4 Rc8 10. Nc3 Nxd4 11. Qxd4 Bc5 12. Qh4 O-O 13. Bxb7 Rb8 14. Bg2 Rb4
15. Qg5 Bd4 16. Qd2 Qc7 17. e3 Be5 18. f4 Bxc3 19. bxc3 Rc4 20. Ba3 Re8 21. Bd6
Qc8 22. Be5 Bc6 23. Rfb1 Bxg2 24. Rb8 Qc6 25. Rxe8+ Qxe8 26. Qxg2 Nd5 27. Rb1
f6 28. Rb8 Rc8 29. Rxc8 Qxc8 30. Bd4 Qc4 31. Qc2 a5 32. e4 Ne7 33. Qb3 Qc6 34.
f5 Qxe4 35. Qxe6+ Qxe6 36. fxe6 Kf8 37. Kf2 Nd5 38. c4 Nb4 39. Bc5+ Ke8 40.
Bxb4 axb4 41. Ke3 Ke7 42. Kd4 Kxe6 43. Kc5 1-0

[Event "BL 0910 Schachfr. Berlin - SK König Teg"]
[Site "?"]
[Date "2010.02.05"]
[Round "7.5"]
[White "Muse, Drazen"]
[Black "Schneider, Ilja"]
[Result "1/2-1/2"]
[WhiteElo "2367"]
[BlackElo "2500"]
[PlyCount "92"]
[EventDate "2010.??.??"]

1. d4 Nf6 2. Nf3 d5 3. c3 c5 4. e3 e6 5. Nbd2 Nbd7 6. Bd3 Be7 7. O-O O-O 8. Ne5
Nxe5 9. dxe5 Nd7 10. f4 Qe8 11. c4 f5 12. Qf3 Nb6 13. Rf2 Bd7 14. cxd5 Nxd5 15.
e4 Nb4 16. Bb1 Nc6 17. exf5 Nd4 18. Qh3 exf5 19. Nf3 Nxf3+ 20. Rxf3 Rd8 21. Be3
Qg6 22. Bc2 Qb6 23. Rf2 Be6 24. g4 g6 25. gxf5 Bxf5 26. Bxf5 Rxf5 27. Rg2 Qe6
28. Qg4 Rd3 29. Re1 b5 30. Qf3 Qxa2 31. Qe4 Qd5 32. Qxd5+ Rxd5 33. Ra1 Rd3 34.
Kf2 Rb3 35. Kf3 c4 36. Ke4 Rf8 37. Rd2 Rd8 38. Rxd8+ Bxd8 39. Bxa7 Rxb2 40. Bd4
Re2+ 41. Kd5 Kg7 42. Ra8 Bh4 43. e6+ Kh6 44. Rb8 Rd2 45. Ke4 Re2+ 46. Kd5 Rd2
1/2-1/2

[Event "BL 0910 Schachfr. Berlin - SK König Teg"]
[Site "?"]
[Date "2010.02.05"]
[Round "7.6"]
[White "Agopov, Mikail"]
[Black "Fruebing, Stefan"]
[Result "0-1"]
[WhiteElo "2452"]
[BlackElo "2337"]
[PlyCount "110"]
[EventDate "2010.??.??"]

1. e4 c5 2. Nf3 d6 3. d4 cxd4 4. Nxd4 Nf6 5. Nc3 g6 6. Be3 Bg7 7. f3 O-O 8. Qd2
Nc6 9. Bc4 Bd7 10. O-O-O Rc8 11. Bb3 Ne5 12. Kb1 Re8 13. h4 h5 14. Bh6 Nc4 15.
Bxc4 Rxc4 16. Bxg7 Kxg7 17. Nd5 e5 18. Nxf6 Qxf6 19. Nb3 Re6 20. Qa5 Ra4 21.
Qc7 Bc6 22. Rd3 Bb5 23. Rd2 Bc6 24. a3 Ra6 25. Nc1 Qf4 26. Rhd1 Qxh4 27. Rxd6
Qe7 28. Qb8 Rxd6 29. Rxd6 Bb5 30. Rd5 Bf1 31. Rxe5 Qd6 32. Qe8 Rb6 33. Rd5 Qf6
34. e5 Qe6 35. Qxe6 Rxe6 36. Nd3 Bxg2 37. Nf4 Bxf3 38. Nxe6+ fxe6 39. Rd3 Bg2
40. Rd2 Bc6 41. Kc1 h4 42. Rh2 g5 43. Kd2 Kg6 44. Ke3 Kf5 45. Kf2 Kxe5 46. Rh3
Kf4 47. c4 e5 48. b4 a6 49. a4 Bxa4 50. Rf3+ Kg4 51. Rf7 Bc6 52. Re7 h3 53. b5
axb5 54. cxb5 Be4 55. Rxe5 Kf4 0-1

[Event "BL 0910 Schachfr. Berlin - SK König Teg"]
[Site "?"]
[Date "2010.02.05"]
[Round "7.7"]
[White "Breier, Andreas"]
[Black "Thiede, Lars"]
[Result "1/2-1/2"]
[WhiteElo "2405"]
[BlackElo "2450"]
[PlyCount "123"]
[EventDate "2010.??.??"]

1. Nf3 Nf6 2. g3 g6 3. Bg2 Bg7 4. O-O O-O 5. c4 d6 6. Nc3 e5 7. d3 h6 8. Rb1
Nc6 9. b4 Be6 10. Nd2 a6 11. b5 axb5 12. cxb5 Na5 13. Nf3 Re8 14. Rb4 d5 15.
Ra4 d4 16. Nb1 Nd5 17. Bd2 c6 18. b6 Qxb6 19. Qe1 Qb5 20. Rxa5 Rxa5 21. Bxa5
Ra8 22. Bd2 Rxa2 23. Qc1 Ra1 24. Bxh6 Rxb1 25. Qxb1 Bxh6 26. Qxb5 cxb5 27. Ra1
b4 28. Rb1 f6 29. Kf1 b5 30. Ne1 Nc3 31. Rxb4 Bf8 32. Nc2 Bxb4 33. Nxb4 Kf7 34.
Ke1 Ke7 35. Bc6 Kd6 36. Be8 Kc5 37. Na6+ Kb6 38. Nb4 Bf5 39. f3 Kc5 40. Na6+
Kd6 41. h4 Ke7 42. Bc6 Bd7 43. Bxd7 Kxd7 44. Nb4 Na4 45. e3 dxe3 46. Ke2 Ke6
47. Kxe3 Nb6 48. d4 Nc4+ 49. Kd3 Kd6 50. g4 exd4 51. Kxd4 Ne5 52. Ke4 Ke6 53.
Nc2 f5+ 54. Kf4 fxg4 55. fxg4 Nc6 56. Kg5 Kf7 57. Kh6 Ne5 58. g5 Ng4+ 59. Kh7
Ne5 60. Kh6 Ng4+ 61. Kh7 Ne5 62. Kh6 1/2-1/2